Promotional options of media education in the selected countries

Mediálne vzdelávanie a jeho podpora od štátnych inštitúcií, mediálne vzdelávanie a jeho reklama cez webové stránky, model mediálneho vzdelávania, publikácie o mediálnom vzdelávaní, výskum na poli mediálneho vzdelávania, aktivity medií na medzinárodnej úrovni - porovnanie vybraných európskych štátov...

Full description

Saved in:
Bibliographic Details
Main Author: Brezovská, Lucia
Format: Book Chapter
Language:English
Subjects:
Tags: Add Tag
No Tags, Be the first to tag this record!

MARC

LEADER 00000nla a2200000 4500
001 0231005
005 20240417075119.7
041 0 |a eng 
044 |a SK 
245 1 0 |a Promotional options of media education in the selected countries  |c Lucia Brezovská 
520 |a Mediálne vzdelávanie a jeho podpora od štátnych inštitúcií, mediálne vzdelávanie a jeho reklama cez webové stránky, model mediálneho vzdelávania, publikácie o mediálnom vzdelávaní, výskum na poli mediálneho vzdelávania, aktivity medií na medzinárodnej úrovni - porovnanie vybraných európskych štátov a Ruska. 
610 2 0 |a médiá 
610 2 0 |a vzdelávanie 
610 2 0 |a podpora vzdelávania 
610 2 0 |a propagácia 
610 2 0 |a porovnanie medzinárodné 
610 2 0 |a výchova mediálna 
100 1 |a Brezovská, Lucia